Statistics for Arkansas cities A-Z

Click here to take the quiz!

General Stats

  • This quiz has been taken 23 times
  • The average score is 11 of 25

Answer Stats

Letter Hint Answer % Correct
LCapital.Little Rock
95%
TNamed after three states: Texas, Arkansas and Louisiana.Texarkana
95%
HKnown for naturally heated springs.Hot Springs
89%
CSeventh largest city.Conway
79%
BKnown as the birthplace of the retailer Walmart.Bentonville
79%
REighth largest city.Rogers
74%
FSecond largest city.Fort Smith
74%
SFourth largest city.Springdale
68%
NSixth largest city.North Little Rock
63%
JDuring the late 19th century, the city tried to develop its court system and downtown infrastructure.Jonesboro
58%
EHeadquarters of the Arkansas Oil and Gas Commission as well as Murphy Oil is here.El Dorado
53%
WTends to have crime levels considerably above the national average.West Memphis
42%
PIts topography is flat with wide expanses of farmland.Pine Bluff
42%
ASituated at the foothills of the Ouachita Mountains.Arkadelphia
42%
YDuring the late 1840s, this city was the scene of several prolonged gunfights during the Tutt-Everett War.Yellville
32%
GBest known locally for its Arkansas high school football.Greenwood
26%
DHosts a campus of the Cossatot Community College of the University of Arkansas.De Queen
26%
OThe old Missouri Pacific Depot, which now serves as a museum and houses many artifacts related to the city's history.Ozark
21%
VAt the Interstate 40 - Interstate 540 junction.Van Buren
21%
MWas founded by Jess Odom with federal assistance from the Urban Growth and New Community Development Act.Maumelle
16%
KIs the hometown of noted legislator Wilbur D. Mills.Kensett
16%
QHighway 25 leads 15 miles (24 km) northeast to Heber Springs.Quitman
16%
IThis town elected Joe Sullivan as the youngest elected mayor in the United States of that period.Imboden
5%
ZA chapter of the Ku Klux Klan operates a training and information center here.Zinc
5%
UThe climate in this area is characterized by hot, humid summers and generally mild to cool winters.Ulm
0%

Score Distribution

Percentile by Number Answered

Percent of People with Each Score

Your Score History

You have not taken this quiz